Dzielnice Gdańska według granic w 25 sekund - Statystyki

Ogólne statystyki
  • Ten quiz został rozwiązany 47 razy
  • Średni wynik to 23 z 35
Odpowiedzi na mapie
Odpowiedzi zakodowano w zielono-czerwonej skali na mapie do tego quizu, zgodnie z poniższymi procentami.
 
Statystyki odpowiedzi
Dzielnica % Poprawnych
Oliwa
94%
Matarnia
90%
Przymorze Małe
90%
Żabianka-Wejhera-Jelitkowo-Tysiąclecia
90%
Brętowo
87%
Siedlce
87%
Śródmieście
87%
Chełm
84%
Orunia-św. Wojciech-Lipce
81%
Osowa
81%
Strzyża
81%
VII Dwór
77%
Olszynka
74%
Aniołki
71%
Piecki-Migowo
71%
Przeróbka
68%
Jasień
61%
Młyniska
61%
Rudniki
61%
Wrzeszcz Dolny
61%
Wrzeszcz Górny
61%
Przymorze Wielkie
58%
Ujeścisko-Łostowice
58%
Kokoszki
55%
Suchanino
55%
Brzeźno
52%
Zaspa-Rozstaje
52%
Letnica
48%
Orunia Górna-Gdańsk Południe
48%
Zaspa-Młyniec
48%
Nowy Port
45%
Krakowiec-Górki Zachodnie
35%
Stogi
29%
Wzgórze Mickiewicza
29%
Wyspa Sobieszewska
23%
Nie znaleziono quizów pasujących do podanych kryteriów
Rozkład punktacji
Procent ludzi z każdym wynikiem
Percentyl według liczby udzielonych odpowiedzi
Twoja historia wyników
Nie rozwiązałeś tego quizu